书目信息 |
| 题名: |
交通工程设施试验检测技术
|
|
| 作者: | 王建军 主编 ;韩荣良 主编 | |
| 分册: | ||
| 出版信息: | 北京 人民交通出版社 2004.12 |
|
| 页数: | 224页 | |
| 开本: | 26cm | |
| 丛书名: | 公路工程试验检测技术培训教材 | |
| 单 册: | ||
| 中图分类: | F294.3 | |
| 科图分类: | ||
| 主题词: | ||
| 电子资源: | ||
| ISBN: | 7-114-05331-2 | |
| 000 | 01013nam0 2200253 45 | |
| 001 | 0120050000 | |
| 005 | 20050328101010.0 | |
| 010 | @a7-114-05331-2@dCNY25.00 | |
| 100 | @a20050328d2004 em y0chiy0121 ea | |
| 101 | 0 | @achi |
| 102 | @aCN@b110000 | |
| 105 | @afk z 000yy | |
| 200 | 1 | @a交通工程设施试验检测技术@Ajiao tong gong cheng she shi shi yan jian ce ji shu@f王建军,韩荣良主编 |
| 210 | @a北京@c人民交通出版社@d2004.12 | |
| 215 | @a224页@c图@d26cm | |
| 225 | 2 | @a公路工程试验检测技术培训教材@Agong lu gong cheng shi yan jian ce ji shu pei xun jiao cai |
| 304 | @a交通部基本建设质量监督总站组织编写 | |
| 320 | @a有书目(第224页) | |
| 330 | @a本书以现行标准、规范为基本依据,主要介绍交通工程设施试验检测的基本理论和方法,全书共分八章,内容包括:绪论;护栏质量检测、交通标志质量检测、交通标线质量检测、视线诱导设施质量检测等。 | |
| 690 | @aF294.3@v4 | |
| 701 | 0 | @a王建军@Awang jian jun@4主编 |
| 702 | 0 | @a韩荣良@Ahan rong liang@4主编 |
| 801 | 0 | @aCN@bSRXX@c20050328 |
| 905 | @a10447@dF294.3@eW220 | |
| 交通工程设施试验检测技术/王建军,韩荣良主编.-北京:人民交通出版社,2004.12 |
| 224页:图;26cm.-(公路工程试验检测技术培训教材) |
| ISBN 7-114-05331-2:CNY25.00 |
| 本书以现行标准、规范为基本依据,主要介绍交通工程设施试验检测的基本理论和方法,全书共分八章,内容包括:绪论;护栏质量检测、交通标志质量检测、交通标线质量检测、视线诱导设施质量检测等。 |
| ● |
| 相关链接 |
|
|
|
正题名:交通工程设施试验检测技术
索取号:F294.3/W220
 
预约/预借
| 序号 | 登录号 | 条形码 | 馆藏地/架位号 | 状态 | 备注 |
| 1 | 540092 | 205400920 | 社科二线422/409社科库 114排1列2层/ [索取号:F294.3/W220] | 在馆 | |
| 2 | 540093 | 205400939 | 社科库409/409社科库 114排1列1层/ [索取号:F294.3/W220] | 在馆 | |
| 3 | 540094 | 205400948 | 社科二线422/409社科库 114排1列2层/ [索取号:F294.3/W220] | 在馆 |